Three-Dimensional holographic imaging (Record no. 14803)

MARC details
000 -LEADER
fixed length control field 00714nam a2200229Ia 4500
003 - CONTROL NUMBER IDENTIFIER
control field IN-BaIIA
008 - FIXED-LENGTH DATA ELEMENTS--GENERAL INFORMATION
fixed length control field 211028s9999 xx 000 0 eng d
020 ## - INTERNATIONAL STANDARD BOOK NUMBER
International Standard Book Number 978-0-471-35894-7
040 ## - CATALOGING SOURCE
Transcribing agency IIA Library
080 ## - UNIVERSAL DECIMAL CLASSIFICATION NUMBER
Universal Decimal Classification number 535
Item number THR
245 #0 - TITLE STATEMENT
Title Three-Dimensional holographic imaging
Statement of responsibility, etc. edited by Chung J. Kuo and Meng Hua Tsai
260 ## - PUBLICATION, DISTRIBUTION, ETC.
Place of publication, distribution, etc. New York
Name of publisher, distributor, etc. John Wiley & Sons
Date of publication, distribution, etc. 2002
300 ## - PHYSICAL DESCRIPTION
Extent xvi, 204p.
490 ## - SERIES STATEMENT
Series statement Wiley series in lasers and applications
650 ## - SUBJECT ADDED ENTRY--TOPICAL TERM
Topical term or geographic name entry element Electronic holography
9 (RLIN) 26631
650 ## - SUBJECT ADDED ENTRY--TOPICAL TERM
Topical term or geographic name entry element Holograms
9 (RLIN) 26270
650 ## - SUBJECT ADDED ENTRY--TOPICAL TERM
Topical term or geographic name entry element Holographic images
9 (RLIN) 26632
650 ## - SUBJECT ADDED ENTRY--TOPICAL TERM
Topical term or geographic name entry element Holographic recording
9 (RLIN) 26633
700 ## - ADDED ENTRY--PERSONAL NAME
Personal name Kuo,Chung J., ed.
9 (RLIN) 26634
700 ## - ADDED ENTRY--PERSONAL NAME
Personal name Tsai, Meng Hua., ed.
9 (RLIN) 26635
942 ## - ADDED ENTRY ELEMENTS (KOHA)
Koha item type Books
Holdings
Withdrawn status Lost status Damaged status Not for loan Home library Current library Shelving location Date acquired Source of acquisition Cost, normal purchase price Total Checkouts Full call number Barcode Date last seen Cost, replacement price Price effective from Koha item type Purchase Price
        IIA Library-Bangalore IIA Library-Bangalore General Stacks 18/10/2002 SSB 3650.81   535/ THR 15725 05/11/2021 3650.81 18/10/2002 Books Rs. 3650.81

Powered by Koha